Repetición escolar : estudios de caso de dos escuelas rurales en el estado de Oaxaca, México (Record no. 76120)

MARC details
000 -CABECERA
campo de control de longitud fija 00659nam a2200229 a 4500
005 - FECHA Y HORA DE LA ÚLTIMA TRANSACCIÓN
campo de control 20210219153415.0
008 - ELEMENTOS DE LONGITUD FIJA--INFORMACIÓN GENERAL
campo de control de longitud fija 991125n 000 0 spa u
035 ## - NÚMERO DE CONTROL DEL SISTEMA
Número de control de sistema UPN01000097312
100 ## - ASIENTO PRINCIPAL--NOMBRE PERSONAL
Nombre de persona MYERS, Robert G
222 ## - TÍTULO CLAVE
Título clave REVISTA LATINOAMERICANA DE ESTUDIOS EDUCATIVOS
245 ## - MENCIÓN DE TÍTULO
Título Repetición escolar : estudios de caso de dos escuelas rurales en el estado de Oaxaca, México
300 ## - DESCRIPCIÓN FÍSICA
Extensión 55-86
362 ## - FECHAS DE PUBLICACIÓN Y/O DESIGNACIÓN SECUENCIAL
Fecha de publicación y/o designación secuencial 1995 25, no. 3
653 0# - TERMINO DE INDIZACION - NO CONTROLADO
Término no controlado EDUCACION RURAL
653 0# - TERMINO DE INDIZACION - NO CONTROLADO
Término no controlado ESCUELA RURAL
653 0# - TERMINO DE INDIZACION - NO CONTROLADO
Término no controlado MEXICO
653 0# - TERMINO DE INDIZACION - NO CONTROLADO
Término no controlado OAXACA
653 0# - TERMINO DE INDIZACION - NO CONTROLADO
Término no controlado REPETICION DE CURSO
653 0# - TERMINO DE INDIZACION - NO CONTROLADO
Término no controlado REPROBACION ESCOLAR
904 ## - ELEMENTOS DE DATOS D LOCAL, LDD (RLIN)
a AC
b 035123
905 ## - TIPO DE MATERIAL
Tipo de material Articulo

No items available.